| 000 | 00603nam a2200193Ia 4500 | ||
|---|---|---|---|
| 003 | GCL | ||
| 008 | 140319s9999 xx 000 0 ara d | ||
| 040 |
_aGCL / _cGCL |
||
| 082 | 0 | 4 |
_a813.008 _bم ع |
| 100 | 1 | _aمحمود البدوى | |
| 245 | 1 | 0 |
_aالذئاب الجائعة / _cمحمود البدوى |
| 260 |
_a[S.N] : _bالهيئة القومية للبحث العلمى ، _c1986 |
||
| 300 | _a321 ص | ||
| 490 |
_aمؤلفات محمود البدوى _v0 |
||
| 650 | 0 | 4 | _aالادب العربى |
| 650 | 0 | 4 | _aالقصص العربية |
| 650 | 0 | 4 | _aالمجموعات |
| 942 |
_2ddc _cBK |
||
| 999 |
_c28357 _d28357 |
||